[Event "Dhaka Chowdhury Memorial op-B 2nd"]
[Site "Dhaka"]
[Date "2022.07.06"]
[Round "6"]
[White "Rahman, Siddiqur"]
[Black "Sarwar, Hossain Ullash"]
[Result "1-0"]
[WhiteElo "1959"]
[BlackElo "1845"]
[PlyCount "86"]
[EventDate "2022.07.02"]
[EventType "swiss"]
[EventRounds "9"]
[EventCountry "BAN"]
[SourceTitle "EXT 2023"]
[Source "ChessBase"]
[SourceDate "2022.10.05"]
[SourceVersion "1"]
[SourceVersionDate "2022.10.05"]
[SourceQuality "1"]

1. d4 d5 2. c4 c6 3. Nc3 Nf6 4. Nf3 e6 5. e3 Nbd7 6. Bd3 dxc4 7. Bxc4 b5 8. Bd3 Bb7 9. e4 b4 10. Na4 Be7 11. 0-0 0-0 12. e5 Nd5 13. Qc2 h6 14. Rd1 Qc7 15. Bd2 Rac8 16. Rac1 a5 17. b3 Qd8 18. Nc5 Qc7 19. Qb2 Rfd8 20. Bb1 Nf8 21. Re1 Qb6 22. Re4 f5 23. exf6 Nxf6 24. Ree1 Bxc5 25. dxc5 Qc7 26. Bxh6 Nd5 27. Bg5 Re8 28. Bh4 Nc3 29. Bd3 Qf4 30. Bg3 Qh6 31. Be5 Rcd8 32. Bc4 Nd5 33. Re4 Rd7 34. Rg4 Rf7 35. Bd3 Nf4 36. Rd1 Nxd3 37. Rxd3 Ba6 38. Rd6 Bb5 39. h3 Ng6 40. Bg3 Nf4 41. Nd4 Nd3 42. Qc2 Qc1+ 43. Qxc1 Nxc1 1-0

[Event "Dhaka Chowdhury Memorial op-B 2nd"]
[Site "Dhaka"]
[Date "2022.07.02"]
[Round "1"]
[White "Tashriq Saihan, Shan"]
[Black "Sarwar, Hossain Ullash"]
[Result "0-1"]
[WhiteElo "1573"]
[BlackElo "1845"]
[PlyCount "72"]
[EventDate "2022.07.02"]
[EventType "swiss"]
[EventRounds "9"]
[EventCountry "BAN"]
[SourceTitle "EXT 2023"]
[Source "ChessBase"]
[SourceDate "2022.10.05"]
[SourceVersion "1"]
[SourceVersionDate "2022.10.05"]
[SourceQuality "1"]

1. Nf3 d5 2. e3 c5 3. Bb5+ Bd7 4. Qe2 Nc6 5. b3 e6 6. Bb2 Nf6 7. 0-0 Bd6 8. c4 a6 9. Bxc6 Bxc6 10. Ne5 Bxe5 11. Bxe5 dxc4 12. bxc4 b5 13. d4 cxd4 14. Bxd4 0-0 15. c5 e5 16. Bxe5 Qd5 17. f4 Ne4 18. Nc3 Nxc3 19. Bxc3 Qxc5 20. Bd4 Qf5 21. Rac1 Bd5 22. Rc5 Rac8 23. Rfc1 Rxc5 24. Rxc5 Qb1+ 25. Kf2 Qxa2 26. Qxa2 Bxa2 27. Rc6 Ra8 28. Ba7 a5 29. Rb6 Bc4 30. Ra6 a4 31. Ke1 f6 32. Kd2 h5 33. g3 Rc8 34. Bd4 Kh7 35. f5 Rc7 36. Kc3 b4+ 0-1